000 00366nam a2200145Ia 4500
005 20250729165342.0
008 250729s2005 xx 000 0 und d
041 _aeng
082 _a370 SHAP
100 _aSharma Promila
_9221568
245 _aProblems of Education
260 _aNew Delhi
_bA P H Publishing
_c2005
300 _a336p
650 _aEducation
_9221569
999 _c235073
_d235073